2026 Formula One Grid - Statistics

General Stats
  • This quiz has been taken 11 times
  • The average score is 21 of 22
Answer Stats
Team Answer % Correct
Williams Alexander Albon
100%
Mercedes Andrea Kimi Antonelli
100%
Ferrari Charles Leclerc
100%
Mercedes George Russell
100%
Aston Martin Lance Stroll
100%
McLaren Lando Norris
100%
Ferrari Lewis Hamilton
100%
Red Bull Max Verstappen
100%
Haas Oliver Bearman
100%
McLaren Oscar Piastri
100%
Williams Carlos Sainz
90%
Haas Esteban Ocon
90%
Aston Martin Fernando Alonso
90%
Alpine Franco Colapinto
90%
Red Bull Isack Hadjar
90%
Racing Bulls Liam Lawson
90%
Audi Nico Hulkenberg
90%
Alpine Pierre Gasly
90%
Cadillac Sergio Perez
90%
Cadillac Valterri Bottas
90%
Racing Bulls Arvid Lindblad
80%
Audi Gabriel Bortoleto
80%
No matching quizzes found
Score Distribution
Percent of People with Each Score
Percentile by Number Answered
Your Score History
You have not taken this quiz